César du meilleur acteur (2026) - Statistiques

Statistiques générales
  • Ce quiz a été pris 243 fois
    184 depuis la dernière actualisation
  • Le résultat moyen est 36 sur 51
Statistiques - réponses
Année Film Acteur % Correct
2012 Intouchables Omar Sy
94%
2015 Yves Saint Laurent Pierre Niney
94%
2026 La Femme la plus riche du monde Laurent Lafitte
92%
1991 Cyrano de Bergerac Gérard Depardieu
89%
1981 Le Dernier Métro Gérard Depardieu
89%
2010 Un prophète Tahar Rahim
89%
1999 Le Dîner de cons Jacques Villeret
87%
2014 Les Garçons et Guillaume, à table ! Guillaume Gallienne
85%
2023 Pacifiction : Tourment sur les Îles Benoît Magimel
84%
2022 De son vivant Benoît Magimel
84%
2007 Ne le dis à personne François Cluzet
84%
2003 Le Pianiste Adrien Brody
82%
1984 Tchao Pantin Coluche
82%
2009 L'Instinct de mort / L'Ennemi public no 1 Vincent Cassel
82%
1989 Itinéraire d'un enfant gâté Jean-Paul Belmondo
79%
2025 Le Roman de Jim Karim Leklou
76%
2016 La Loi du marché Vincent Lindon
76%
2000 La Fille sur le pont Daniel Auteuil
74%
1987 Jean de Florette / Manon des sources Daniel Auteuil
74%
1996 Nelly et Monsieur Arnaud Michel Serrault
74%
1982 Garde à vue Michel Serrault
74%
1979 La Cage aux folles Michel Serrault
74%
1990 La Vie et rien d'autre Philippe Noiret
74%
1976 Le Vieux Fusil Philippe Noiret
74%
2020 Roubaix, une lumière Roschdy Zem
74%
2019 Guy Alex Lutz
73%
2013 Amour Jean-Louis Trintignant
72%
1978 Le Crabe-Tambour Jean Rochefort
72%
1985 Notre histoire Alain Delon
71%
2017 Juste la fin du monde Gaspard Ulliel
71%
2018 Petit Paysan Swann Arlaud
69%
1986 Subway Christophe Lambert
68%
1980 La Guerre des polices Claude Brasseur
67%
1995 Le Fils préféré Gérard Lanvin
65%
1977 Le Juge et l'Assassin Michel Galabru
65%
1992 Van Gogh Jacques Dutronc
64%
1994 Smoking/No smoking Pierre Arditi
64%
2008 Le Scaphandre et le Papillon Mathieu Amalric
59%
2005 Rois et Reine Mathieu Amalric
59%
2021 Un fils Sami Bouajila
59%
1993 Le Souper Claude Rich
58%
2006 Le Promeneur du Champ-de-Mars Michel Bouquet
58%
2002 Comment j'ai tué mon père Michel Bouquet
58%
1997 Capitaine Conan Philippe Torreton
56%
1998 On connaît la chanson André Dussollier
55%
2011 Gainsbourg (vie héroïque) Éric Elmosnino
54%
2004 Monsieur Ibrahim et les Fleurs du Coran Omar Sharif
54%
2001 Harry, un ami qui vous veut du bien Sergi López
54%
1983 La Balance Philippe Léotard
52%
2024 Le Procès Goldman Arieh Worthalter
51%
1988 Le Grand Chemin Richard Bohringer
47%
Aucun quiz correspondant
Distribution des résultats
% des personnes avec chaque résultat
Percentile par nombre de réponses
Votre historique - résultats
Vous n’avez pas pris ce quiz depuis la dernière actualisation